000 00331nam a2200145Ia 4500
100 _aParashar/N/ Mittal/R.K
942 _cBK
654 _amanufacturing processes
245 _aElements of Manufacturing Processes
260 _bPrentice Hall
_c2003
082 _a671
_bPAR
300 _a475
546 _aENGLISH
999 _c31362
_d31362